Guía de la Iglesia y de la Acción Católica Española. (Record no. 76458)

MARC details
000 -LEADER
campo de control de longitud fija 00567nam a2200169 i 4500
001 - NÚMERO DE CONTROL
campo de control 76458
003 - IDENTIFICADOR DE NÚMERO DE CONTROL
campo de control ES-MaACL
005 - FECHA Y HORA DE LA ÚLTIMA TRANSACCIÓN
campo de control 20230906172840.0
007 - CAMPO FIJO DE DESCRIPCIÓN FÍSICA--INFORMACIÓN GENERAL
campo de control de longitud fija t|
008 - DATOS DE LONGITUD FIJA--INFORMACIÓN GENERAL
campo de control de longitud fija 041001s1943 sp ||||1| spa d
245 00 - MENCIÓN DEL TÍTULO
Título Guía de la Iglesia y de la Acción Católica Española.
260 ## - PUBLICACIÓN, DISTRIBUCIÓN, ETC.
Lugar de publicación, distribución, etc. Madrid :
Nombre del editor, distribuidor, etc. Secretariado de Publicaciones de la Junta Técnica Nacional de la A.C.E.,
Fecha de publicación, distribución, etc. 1943 (
Fabricante Ernesto Giménez)
300 ## - DESCRIPCIÓN FÍSICA
Extensión 1652 p. :
Otras características físicas il. ;
Dimensiones 25 cm.
500 ## - NOTA GENERAL
Nota general Retrato de Pio XII.
610 24 - PUNTO DE ACCESO ADICIONAL DE MATERIA--NOMBRE DE ENTIDAD CORPORATIVA
Nombre de entidad corporativa o nombre de jurisdicción como elemento de entrada Acción Católica Española.
9 (RLIN) 1243
852 ## - LOCALIZACIÓN
Ubicación ES-MaACL
Número de control de estantería A-2792
Sublocalización o colección R.20300
Holdings
Estatus retirado Estado de pérdida Estado de daño No para préstamo Biblioteca de origen Biblioteca actual Ubicación en estantería Fecha de adquisición Fuente de adquisición Total de préstamos Signatura topográfica completa Código de barras Visto por última vez Precio de reemplazo Tipo de ítem Koha
        Biblioteca del Ateneo de Madrid Biblioteca del Ateneo de Madrid Sala Pecera Planta 1 17/01/2008     A-2792 1080011 23/02/2023 23/02/2023 Libro impreso